Statistics for UEFA Euro 2016 Knockout Stage

Click here to take the quiz!

General Stats

  • This quiz has been taken 99 times
  • The average score is 26 of 30

Answer Stats

Answer% Correct
Portugal1/2
97%
France1/4
96%
PortugalFinal
96%
FranceFinal
95%
France1/8
95%
France1/2
95%
Germany1/2
95%
Portugal1/8
95%
Portugal1/4
95%
Iceland1/4
92%
Wales1/2
92%
Germany1/4
91%
Iceland1/8
91%
Wales1/4
91%
Germany1/8
89%
Belgium1/4
88%
Belgium1/8
86%
England1/8
86%
Italy1/4
86%
Wales1/8
86%
Italy1/8
84%
Poland1/8
78%
Poland1/4
78%
Spain1/8
74%
Croatia1/8
73%
Hungary1/8
73%
Ireland1/8
70%
Switzerland1/8
70%
Northern Ireland1/8
64%
Slovakia1/8
62%

Score Distribution

Percentile by Number Answered

Percent of People with Each Score

Your Score History

You have not taken this quiz